[Event "FIDE World Rapid Team"]
[Site "London ENG"]
[Date "2025.06.13"]
[Round "12.7"]
[White "Sava, Christiansen-Danut-Eugen"]
[Black "Kalender, Murat Emre"]
[Result "1-0"]
[WhiteElo "1971"]
[BlackElo "1755"]
[EventDate "2025.06.11"]
[Board "4"]

1. d4 d5 2. c4 e6 3. Nc3 c5 4. cxd5 exd5 5. e4 dxe4 6. d5 Nf6 7. f3 exf3 8.
Nxf3 Be7 9. Bb5+ Kf8 10. O-O a6 11. Be2 b5 12. Bf4 Bd6 13. Bg5 Nbd7 14. Ne4
Qe7 15. Nxd6 Qxd6 16. a4 b4 17. Bc4 Nb6 18. Nd2 Nxc4 19. Nxc4 Qxd5 20. Nb6
Qxd1 21. Raxd1 Rb8 22. Rd8+ Ne8 23. Nxc8 h6 24. Be7+ Kg8 25. Rxe8+ Kh7 26.
Rxh8+ Kxh8 27. Nd6 Kg8 28. Rxf7 Rb6 29. Rf8+ Kh7 30. h4 Rc6 31. b3 a5 32.
h5 c4 33. Nxc4 Re6 34. Bc5 Re1+ 35. Kf2 Rb1 36. Rf7 Kg8 37. Rf8+ Kh7 38.
Ne5 Rc1 39. Ng6 Rc2+ 40. Ke1 Re2+ 41. Kf1 Re1+ 42. Kf2 Re2+ 43. Kf3 Re3+
44. Kf4 Rf3+ 45. Ke4 Re3+ 46. Kf5 Rf3+ 47. Nf4 Rc3 48. Bxb4 axb4 49. Ng6
Rc5+ 50. Ne5 Rc3 51. a5 Rc5 52. a6 Ra5 53. Ra8 Ra2 54. a7 Ra5 55. Ke4 Ra6
56. Kd4 Ra2 57. Ke4 1-0

[Event "FIDE World Rapid Team"]
[Site "London ENG"]
[Date "2025.06.13"]
[Round "12.7"]
[White "Saygili, Adnan Mesih"]
[Black "Badescu, Eliza-Ioana"]
[Result "0-1"]
[WhiteElo "1692"]
[BlackElo "1789"]
[EventDate "2025.06.11"]
[Board "5"]

1. d4 d5 2. Bf4 Nf6 3. e3 c5 4. c3 Bf5 5. Nd2 e6 6. Ngf3 Nc6 7. Bb5 Be7 8.
Ne5 Qb6 9. Qa4 Rc8 10. O-O O-O 11. Rfe1 Nxe5 12. dxe5 Ne4 13. Nxe4 Bxe4 14.
f3 Bg6 15. e4 c4+ 16. Be3 Bc5 17. Bxc5 Qxc5+ 18. Kh1 a6 19. Bd7 Rcd8 20.
exd5 b5 21. Qxa6 Rxd7 22. dxe6 Ra7 23. exf7+ Kxf7 24. Qd6 Qxd6 25. exd6 Rd8
26. Re5 Rxd6 27. Rxb5 Rxa2 28. Rb7+ Kf6 29. Re1 Raa6 30. Rc7 Rac6 31. Ra7
Rd2 32. Rb7 Bc2 33. h4 Rd1 34. Rxd1 Bxd1 35. Rd7 Bb3 36. g4 h6 37. Kg2 Re6
38. Rd2 Ra6 39. Kg3 Ke7 40. g5 hxg5 41. hxg5 Rd6 42. Re2+ Re6 43. Rd2 Kf7
44. Kg4 g6 45. f4 Re1 46. Rd7+ Ke6 47. Rc7 Re2 48. Rc6+ Kf7 49. Rc7+ Re7
50. Rc6 Re3 51. Rc7+ Kf8 52. Rc8+ Ke7 53. Rc7+ Kd8 54. Rc6 Bc2 55. f5 Bxf5+
56. Kf4 Re4+ 57. Kf3 Kd7 58. Rc5 Kd6 59. Rb5 Re5 60. Rb6+ Kc5 61. Ra6 Bd3
62. Ra5+ Kd6 63. Ra6+ Kc7 64. Kf4 Rf5+ 65. Kg4 Be2+ 66. Kh4 Rf4+ 67. Kg3
Rg4+ 68. Kf2 Bd3 69. Ra5 Re4 70. Rb5 Kc6 71. Rb8 Re5 72. Rc8+ Kd7 73. Rb8
Rxg5 74. Ke3 Re5+ 75. Kf3 g5 76. Rg8 Ke7 77. Kg4 Re2 78. Rxg5 Rg2+ 79. Kf4
Rxg5 80. Kxg5 Kd6 81. Kf4 Kc5 82. Ke3 Kb5 83. b4 Bf5 84. Kd4 Bc8 85. Kd5
Ba6 86. Kd4 Ka4 87. Kc5 Kb3 0-1

[Event "FIDE World Rapid Team"]
[Site "London ENG"]
[Date "2025.06.13"]
[Round "12.7"]
[White "Platschek, Luca"]
[Black "Demir, Aleyna"]
[Result "0-1"]
[WhiteElo "1827"]
[BlackElo "1591"]
[EventDate "2025.06.11"]
[Board "6"]

1. d4 Nf6 2. Nf3 d6 3. c4 Nbd7 4. Nc3 e5 5. dxe5 dxe5 6. e4 Bb4 7. Bd3 Nc5
8. Bc2 Qxd1+ 9. Kxd1 Bxc3 10. bxc3 Ncxe4 11. Bxe4 Nxe4 12. Kc2 Bf5 13. Kb3
Nc5+ 14. Kb4 Nd3+ 15. Kb3 e4 16. Nd4 Bg6 17. Be3 O-O 18. Nb5 c5 19. h4 f5
20. h5 Bf7 21. Nd6 Be6 22. g3 a6 23. a4 Rfd8 24. Nxe4 fxe4 25. Rh4 Bf7 26.
Rxe4 Bxh5 27. Re7 Rab8 28. Rc7 b6 29. Bg5 Rf8 30. f4 Rfe8 31. Rd7 Nf2 32.
f5 Ne4 33. Bf4 Rbd8 34. Rb7 Nd2+ 35. Bxd2 Rxd2 36. Rxb6 Bd1+ 37. Ka3 Rd3
38. Rc1 Bg4 39. Rxa6 Bxf5 40. Rc6 Re5 41. a5 Rd8 42. Rb6 Ra8 43. a6 Re6 44.
Rxe6 Bxe6 45. Ka4 Bxc4 46. Ka3 Rxa6+ 47. Kb2 Ra2+ 48. Kb1 Rg2 49. Re1 Rxg3
50. Kc2 Bd3+ 51. Kd2 c4 52. Re8+ Kf7 53. Ra8 h5 54. Ke1 h4 55. Kf2 Be4 56.
Ra7+ Ke6 57. Ra5 g5 0-1

[Event "FIDE World Rapid Team"]
[Site "London ENG"]
[Date "2025.06.13"]
[Round "12.8"]
[White "Kawuma, Patrick"]
[Black "Khoury, Theo"]
[Result "1/2-1/2"]
[WhiteElo "2218"]
[BlackElo "2144"]
[EventDate "2025.06.11"]
[Board "1"]

1. c4 e6 2. Nf3 d5 3. e3 Nf6 4. Be2 Be7 5. b3 O-O 6. Bb2 c5 7. O-O Nc6 8.
cxd5 Nxd5 9. Na3 b6 10. Nc4 Bb7 11. d4 cxd4 12. Nxd4 Nxd4 13. Bxd4 Bf6 14.
Bf3 Bxd4 15. Qxd4 Qe7 16. Rac1 Rfd8 17. Qb2 Nb4 18. Bxb7 Qxb7 19. Qe2 Qe4
20. Rcd1 h6 21. h3 Nd5 22. Qb2 b5 23. Rd4 Qg6 24. Ne5 Qf6 25. Ng4 Qg6 26.
Rfd1 h5 27. Ne5 Qf6 28. Nf3 Nb6 29. Qe2 a6 30. Qe1 Rxd4 31. Rxd4 Qe7 32.
Qd1 Rc8 33. Ne5 g6 34. Rf4 Rf8 35. Qc2 Kg7 36. Qc6 Nd5 37. Rd4 Qa7 38. Nd7
Qa8 39. Qd6 Rd8 40. e4 Qa7 41. Qe5+ Kg8 42. Nf6+ Nxf6 43. Rxd8+ Kg7 44. Qd4
Qc7 45. e5 Nd5 46. Rd6 Qc1+ 47. Kh2 a5 48. Rd7 b4 49. g3 Qc2 50. Qa7 Qf5
51. Qd4 Nc3 52. Qc5 Ne4 53. Qe3 Nxf2 54. Rd4 Qxh3+ 55. Kg1 Ng4 56. Qf3 Qh2+
57. Kf1 Qxa2 58. Rxg4 Qb1+ 59. Ke2 hxg4 60. Qf6+ Kg8 61. Qd8+ Kg7 62. Qf6+
Kf8 63. Qd8+ Kg7 64. Qf6+ Kg8 1/2-1/2

[Event "FIDE World Rapid Team"]
[Site "London ENG"]
[Date "2025.06.13"]
[Round "12.8"]
[White "Verbytski, Oleg"]
[Black "Gurevich, Artjom"]
[Result "1-0"]
[WhiteElo "2090"]
[BlackElo "2137"]
[EventDate "2025.06.11"]
[Board "2"]

1. e4 d5 2. exd5 Nf6 3. Bb5+ Bd7 4. Bc4 Bg4 5. f3 Bc8 6. Nc3 Nbd7 7. d4 Nb6
8. Bd3 Nbxd5 9. Nxd5 Nxd5 10. Ne2 g6 11. c3 Bg7 12. Nf4 O-O 13. O-O Qd6 14.
Nxd5 Qxd5 15. Be4 Qd6 16. f4 c5 17. dxc5 Qxc5+ 18. Kh1 Bf5 19. Bxb7 Rab8
20. Qf3 Rfd8 21. Be4 Qc4 22. Bxf5 gxf5 23. Re1 e6 24. Qf2 a5 25. Be3 a4 26.
a3 Rd5 27. Qg3 Kf8 28. Qh4 h6 29. Qf2 Rdb5 30. Re2 Qd5 31. Rd2 Qb7 32. Bc5+
Kg8 33. Bb4 Rd5 34. Rad1 Rbd8 35. h3 Qb5 36. Rxd5 Rxd5 37. Rxd5 Qxd5 38.
Qc2 Qc4 39. Qf2 Qe4 40. Bd6 Qd5 41. Bc5 Qe4 42. Bd4 Bxd4 43. Qxd4 Qb1+ 44.
Kh2 Qxb2 45. Qb4 Qc2 46. c4 Qb3 47. Qc5 Qc2 48. Qd4 Qb3 49. c5 Qxa3 50. c6
Qe7 51. Qe5 Kh7 52. Qb8 1-0

[Event "FIDE World Rapid Team"]
[Site "London ENG"]
[Date "2025.06.13"]
[Round "12.8"]
[White "Andiwoh, Moses"]
[Black "Dicen, Elis Denele"]
[Result "0-1"]
[WhiteElo "1831"]
[BlackElo "1982"]
[EventDate "2025.06.11"]
[Board "3"]

1. e4 c5 2. Nf3 Nc6 3. Bb5 g6 4. d4 Qa5+ 5. Nc3 cxd4 6. Nxd4 Bg7 7. Bxc6
bxc6 8. O-O Nf6 9. Nb3 Qc7 10. Bg5 O-O 11. f4 d6 12. f5 Bb7 13. Qe1 a5 14.
Qh4 Qb6+ 15. Qf2 Qxf2+ 16. Rxf2 a4 17. Nd2 a3 18. Rb1 h6 19. Be3 Ng4 20.
Rf3 Nxe3 21. Rxe3 Bd4 22. Nd1 axb2 23. Kf1 Bxe3 24. Nxe3 Rxa2 25. Ke1 Rb8
26. Nb3 Ba6 27. Kd2 c5 28. Kc3 c4 29. Nxc4 Rc8 30. Nd2 Bxc4 31. Nxc4 Ra4
32. Kd4 0-1

[Event "FIDE World Rapid Team"]
[Site "London ENG"]
[Date "2025.06.13"]
[Round "12.8"]
[White "Zhao, George"]
[Black "Mutisya, Jully"]
[Result "1-0"]
[WhiteElo "1939"]
[BlackElo "1712"]
[EventDate "2025.06.11"]
[Board "4"]

1. d4 Nf6 2. c4 g6 3. g3 Bg7 4. Bg2 d6 5. Nf3 O-O 6. O-O c6 7. Nc3 Bf5 8.
b3 Ne4 9. Bb2 Nd7 10. Nh4 Nxc3 11. Bxc3 Nf6 12. Nxf5 gxf5 13. Qc2 e6 14.
Rfe1 Nh5 15. Bf3 Qg5 16. Rad1 Nf6 17. e4 f4 18. e5 dxe5 19. Rxe5 Qh6 20.
Bd2 Rad8 21. Bxf4 Qg6 22. Qe2 h6 23. h4 Nd7 24. Be4 f5 25. Rxe6 Qf7 26. Re7
Qg6 27. Bf3 Rfe8 28. Re1 Nf6 29. h5 Rxe7 30. Qe4 Re6 31. Qxe6+ Qf7 32. Qe7
Qe8 33. Qxe8+ Rxe8 34. Rxe8+ Nxe8 35. d5 cxd5 36. Bxd5+ Kf8 37. Bxb7 Ke7
38. c5 Kd7 39. b4 Nc7 40. a4 Ne6 41. Be3 Kc7 42. c6 Nd4 43. Bf4+ Kb6 44.
Be3 Be5 45. a5+ Kc7 46. Bxh6 a6 47. Be3 Nc2 48. Bf4 Bxf4 49. gxf4 Nxb4 50.
h6 Nd5 51. h7 1-0

[Event "FIDE World Rapid Team"]
[Site "London ENG"]
[Date "2025.06.13"]
[Round "12.8"]
[White "Ongono, Victor"]
[Black "Jakhria, Kushal"]
[Result "0-1"]
[WhiteElo "1587"]
[BlackElo "1956"]
[EventDate "2025.06.11"]
[Board "5"]

1. e4 c5 2. Bc4 Nc6 3. Nf3 e6 4. d3 d5 5. exd5 exd5 6. Bb5 Qa5+ 7. Nc3 d4
8. Bxc6+ bxc6 9. Bd2 dxc3 10. Bxc3 Qd8 11. O-O Be6 12. Re1 h6 13. Ne5 Qc7
14. Qf3 Ne7 15. Re2 Nd5 16. Ba5 Qb7 17. Rae1 Ne7 18. Bc3 h5 19. Ng6 Nxg6
20. Qg3 Ne7 21. h3 Rh6 22. Qf3 Qd7 23. Bd2 Rg6 24. Re5 Bd5 25. Rxd5 Qxd5
26. Qxd5 cxd5 27. Re5 Re6 28. Rxh5 Re2 29. Bg5 f6 30. Bf4 Ng6 31. Bg3 O-O-O
32. Rf5 Bd6 33. Rxd5 Re1+ 34. Kh2 Bxg3+ 0-1

[Event "FIDE World Rapid Team"]
[Site "London ENG"]
[Date "2025.06.13"]
[Round "12.8"]
[White "Kendall, Arthur"]
[Black "Kuka, Kyle"]
[Result "1/2-1/2"]
[WhiteElo "1712"]
[BlackElo "1496"]
[EventDate "2025.06.11"]
[Board "6"]

1. d4 d5 2. c4 c6 3. cxd5 cxd5 4. Bf4 Nc6 5. Nc3 e5 6. Bxe5 Nxe5 7. dxe5 d4
8. Qa4+ b5 9. Nxb5 Bd7 10. Qa6 Qb8 11. a4 Bb4+ 12. Kd1 Ne7 13. Rc1 Bc8 14.
Rxc8+ Qxc8 15. Qxc8+ Rxc8 16. Nxd4 Rd8 17. e3 Nf5 18. Bb5+ Ke7 19. Nf3 Bc5
20. Ke2 Bxd4 21. Nxd4 Nxd4+ 22. exd4 Rxd4 23. Ke3 Rhd8 24. Rc1 a6 25. Bxa6
Rxa4 26. Rc7+ Ke6 27. Bc4+ Kxe5 28. b3 Ra3 29. Rxf7 Rc8 30. Kd2 Ra2+ 31.
Kc3 g6 32. g3 Kd6 33. Rxh7 Rxf2 34. Rh6 Ke5 35. h4 Rf3+ 36. Kb4 Rxg3 37. h5
gxh5 38. Rxh5+ Kd6 39. Rd5+ Kc7 40. Rc5+ Kb8 41. Rb5+ Kc7 42. Rc5+ Kb8 43.
Rxc8+ Kxc8 44. Ka4 Kb7 45. Ka3 Kb6 46. Kb4 1/2-1/2